|
|
|
|
| LEADER |
006690000a22002170004500 |
| 020 |
|
|
|a 0-521-62508-4
|
| 082 |
|
|
|a 500 N6;1
|
| 100 |
|
|
|a Polkinghorne, John; Author
|
| 245 |
|
|
|a Beyond science: the wider human context
|
| 250 |
|
|
|
| 260 |
|
|
|a Cambridge, Cambridge University Press
|
| 260 |
|
|
|c 1996
|
| 460 |
|
|
|a xii,131
|
| 465 |
|
|
|a Rs.295.00
|
| 500 |
|
|
|a Includes index
|
| 500 |
|
|
|a John Polkinghorne
|
| 650 |
|
|
|a Science-Philosophy
|
| 650 |
|
|
|a Science-Social aspects
|
| 942 |
|
|
|c BK
|
| 999 |
|
|
|c 31109
|d 31109
|
| 952 |
|
|
|0 0
|1 0
|4 0
|6 500_000000000000000_N61
|7 0
|8 ENG
|9 31160
|a MGUL
|b MGUL
|d 2013-07-16
|e Rs.295.00
|l 1
|m 1
|o 500 N6;1
|p 31595
|r 2019-07-12
|s 2019-05-17
|w 2013-07-16
|y BK
|